000 01401nam a2200253Ia 4500
999 _c46152
_d46152
001 12984
003 GE_BSU
005 20240814135404.0
008 181216s2008||||ge |||||||||||||| ||geo||
020 _a9789941130304
040 _cGE_BSU
041 _ageo
080 _a821.134.2-31 ს-12
100 _aსერვანტეს საავედრა, მიგელ დე
_912655
245 _aმახვილგონიერი იდალგო დონ კიხოტ ლამანჩელი :
_bპირველი ნაწილი /
_cმიგელ დე სერვანტეს საავედრა ; მთარგმნელი : ბაჩანა ბრეგვაძე ; რედაქტორი : დალი გერმანიშვილი.
264 _aთბილისი :
_bსაუნჯე,
_c2008.
300 _a694 გვ. ;
_c20 სმ.
653 _aმახვილგონიერი იდალგო დონ კიხოტ ლამანჩელი
653 _aესპანური მხატვრული ლიტერატურა
653 _a რომანი
700 _aბრეგვაძე, ბაჩანა
_eმთარგმნელი
_93536
700 _aგერმანიშვილი, დალი
_eრედაქტორი
_95061
942 _cBK
_2udc